| 000 | 00657nam a22002657a 4500 | ||
|---|---|---|---|
| 005 | 20251112152944.0 | ||
| 008 | 171207b1999 xxu||||| |||| 00| 0 spa d | ||
| 020 | _a9977304793 | ||
| 041 | _aESP | ||
| 082 | _aCR 863.4 R831L11 | ||
| 100 |
_aRossi Lara, Anacristina _9425 |
||
| 245 | _aLa Loca de Gandoca | ||
| 250 | _a11 edición | ||
| 260 | _aCosta Rica | ||
| 260 | _bEDUCA | ||
| 260 | _c1999 | ||
| 300 | _a140 páginas | ||
| 490 | _aTemática General | ||
| 650 | _aLITERATURA COSTARRICENSE | ||
| 650 | _aNOVELA COSTARRICENSE | ||
| 650 | _aREFUGIO SILVESTRE | ||
| 650 | _aCARIBE | ||
| 650 | _aCAPITALISMO TURÍSTICO | ||
| 942 |
_cLIT _2ddc |
||
| 999 |
_c10058 _d10058 |
||